Estudio de prefactibilidad para la apertura de una granja avícola en el municipio de dolores, Carazo

La apertura de una granja avícola en el municipio de Dolores abastecería la red de distribución local de la carne de pollo, lo cual cuenta con un poco de abastecimiento, esta alternativa solventaría un gran porcentaje de demanda potencial insatisfecha existente y además generaría nuevos empleo...

Full description

Bibliographic Details
Main Authors: Castro Palacios, Hazel Esther, Aragón Cruz, Juan Francisco, Palacio Cruz, Bismarck Antonio
Other Authors: Tutor: Torres Mercado, Ronald
Format: Tesis Section = Libro
Language:Undetermined
Spanish
Published: Managua UNI 2013
Subjects:
LEADER 01336nam a2200277Ia 4500
008 240830s9999 xx 000 0 und d
040 |a BIBLIOTECA-RUPAP Mon 636.51 C355 
041 |a spa 
082 |a Mon 636.51 C355 
100 1 |a Castro Palacios, Hazel Esther 
100 1 |b  Aragón Cruz, Juan Francisco 
100 1 |c  Palacio Cruz, Bismarck Antonio 
245 1 0 |a Estudio de prefactibilidad para la apertura de una granja avícola en el municipio de dolores, Carazo 
260 |a Managua  |b UNI  |c 2013 
300 |a 250 p. :il. 
500 |a Contiene: anexos. 
502 |a Tesis (Ingeniero de Sistemas)- UNI, 2013. 
520 3 |a La apertura de una granja avícola en el municipio de Dolores abastecería la red de distribución local de la carne de pollo, lo cual cuenta con un poco de abastecimiento, esta alternativa solventaría un gran porcentaje de demanda potencial insatisfecha existente y además generaría nuevos empleos en la población y contribución al desarrollo del municipio. 
650 7 |a CRÍAS - AVES DE CORRAL - GRANJAS AVÍCOLAS - POLLOS 
650 7 |b CRÍA DE ANIMALES - PRODUCCIÓN 
650 7 |c AVES DE CORRAL - ALIMENTACIÓN Y ALIMENTOS 
650 7 |d ESTUDIO DE MERCADO - PRODUCTOS Y CONSUMO 
700 1 |a Tutor:  |b Torres Mercado, Ronald 
942 |c BK  |2 ddc 
991 |a TESIS 
999 |c 16803